| 000 | 00393nam a2200181Ia 4500 | ||
|---|---|---|---|
| 001 | 10500 | ||
| 005 | 20260306161836.0 | ||
| 008 | 260306t1970||||xx |||||||||||||| ||spa|| | ||
| 041 | _aESP | ||
| 082 |
_a939 _bM33 |
||
| 100 |
_aMazel, Jean _eAUT |
||
| 245 | 0 | _aEl secreto de los fenicios | |
| 260 | _c1970 | ||
| 300 |
_a _c |
||
| 650 | _aGEN | ||
| 654 | _aCHU | ||
| 942 |
_cLIB _dJUS _fJUS _2ddc _n |
||
| 999 |
_c10500 _d10500 |
||